| 000 | 00834cam a22003011 4500 | ||
|---|---|---|---|
| 001 | 7454964 | ||
| 003 | ARRUPE | ||
| 005 | 20151112101550.0 | ||
| 008 | 770110s1954 enk 000 0 eng | ||
| 010 | _a 55000049 | ||
| 015 | _aGB54-9322 | ||
| 035 | _a(OCoLC)2668904 | ||
| 040 |
_aDLC _cGU _dOCoLC _dUk _dDLC |
||
| 041 | 0 | _aenglug | |
| 042 | _apremarc | ||
| 050 | 0 | 0 |
_aPL8201.1 _b.A8 |
| 082 | _a496.3 | ||
| 100 | 1 |
_aAshton, Ethel O. _920782 |
|
| 245 | 1 | 2 |
_aA Luganda grammar, _cby E.O. Ashton [and others] |
| 260 |
_aLondon, _aNew York, _bLongmans, Green _c[1954] |
||
| 300 |
_a516 p. _c23 cm. |
||
| 650 | 0 |
_aGanda language _xGrammar. _920780 |
|
| 700 |
_aMulira, E _921039 |
||
| 700 |
_aNdawula, E _921040 |
||
| 700 |
_aTucker, A _921041 |
||
| 906 |
_a7 _bcbc _coclcrpl _du _encip _f19 _gy-gencatlg |
||
| 942 |
_2lcc _cMONOGRAPH |
||
| 999 |
_c123694 _d123694 |
||